[Event "Skakligaen 2024-25"]
[Site "Denmark"]
[Date "2025.01.26"]
[Round "6.6"]
[White "Sobjerg, Erik"]
[Black "Light, Bjarne"]
[Result "1/2-1/2"]
[WhiteElo "2289"]
[BlackElo "2200"]
[EventDate "2024.11.02"]
[EventType "team-tourn"]
[EventRounds "9"]
[EventCountry "DEN"]
[SourceTitle "Holdskaksystemet"]
[WhiteTeam "AarhusSkolerne"]
[BlackTeam "Fredericia"]
[WhiteTeamCountry "DEN"]
[BlackTeamCountry "DEN"]

1. e4 c5 2. Nf3 Nc6 3. Nc3 e6 4. d4 cxd4 5. Nxd4 Qc7 6. f4 a6 7. Nxc6 Qxc6 8. Bd3 b5 9. Qe2 Bb7 10. Bd2 Bc5 11. O-O-O Ne7 12. a3 O-O 13. h4 Rac8 14. h5 f6 15. Rh3 b4 16. axb4 Bxb4 17. Kb1 Qb6 18. Be3 Qa5 19. Na2 Bc5 20. Bd2 Qb6 21. f5 h6 22. Bc4 Kh8 23. Rb3 Qc6 24. Rxb7 Qxb7 25. Bxa6 Qc7 26. Bxc8 Rxc8 27. Qd3 Qa7 28. Bb4 Nc6 29. Bxc5 Qxc5 30. Qc3 Qa7 31. Nb4 Ra8 32. Kc1 Ne5 33. Qd4 Qb7 34. fxe6 dxe6 35. b3 Qb5 36. Kb2 Qe2 37. Ra1 Rc8 38. Ra5 Qxh5 39. Rc5 Ra8 40. Nc6 Qh1 41. Ra5 Rxa5 42. Nxa5 Qxg2 43. Nc4 Nf3 44. Qd7 Ne1 45. Qxe6 Qxc2+ 46. Ka3 Nd3 47. Qc8+ Kh7 48. Qf5+ Kg8 49. Qc8+ Kh7 1/2-1/2

[Event "Skakligaen 2024-25"]
[Site "Denmark"]
[Date "2025.01.26"]
[Round "6.7"]
[White "Schwarz, Frank"]
[Black "Pedersen, Finn"]
[Result "1/2-1/2"]
[WhiteElo "2226"]
[BlackElo "2263"]
[EventDate "2024.11.02"]
[EventType "team-tourn"]
[EventRounds "9"]
[EventCountry "DEN"]
[SourceTitle "Holdskaksystemet"]
[WhiteTeam "Fredericia"]
[BlackTeam "AarhusSkolerne"]
[WhiteTeamCountry "DEN"]
[BlackTeamCountry "DEN"]

1. e4 c6 2. d4 d5 3. e5 Bf5 4. h4 h6 5. g4 Bd7 6. h5 c5 7. dxc5 Qc7 8. f4 e6 9. Be3 Bxc5 10. Bxc5 Qxc5 11. Nd2 Qb4 12. Ne2 Qxb2 13. Rh3 Qb6 14. c4 Ne7 15. Rb1 Qc7 16. Qb3 Nbc6 17. Qxb7 Qxb7 18. Rxb7 Na5 19. Rb1 Nxc4 20. Nxc4 dxc4 21. Rc3 Rc8 22. Rb7 Nd5 23. Rc1 a5 24. a3 Ke7 25. Bg2 Rb8 26. Rcb1 Rxb7 27. Rxb7 Rc8 28. Bxd5 exd5 29. Kd2 f6 30. Kc3 fxe5 31. fxe5 Kd8 32. Nf4 d4+ 33. Kxd4 c3 34. e6 Bc6 35. Rxg7 c2 36. Nd3 Bf3 37. Nc1 Rc6 38. Ke5 Rc4 39. g5 Re4+ 40. Kf6 Rf4+ 41. Ke5 Re4+ 42. Kf6 Rf4+ 43. Ke5 Re4+ 1/2-1/2

[Event "Skakligaen 2024-25"]
[Site "Denmark"]
[Date "2025.01.26"]
[Round "6.8"]
[White "Rendboe, John Filip"]
[Black "Moller, Dustin"]
[Result "1/2-1/2"]
[WhiteElo "2134"]
[BlackElo "2182"]
[EventDate "2024.11.02"]
[EventType "team-tourn"]
[EventRounds "9"]
[EventCountry "DEN"]
[SourceTitle "Holdskaksystemet"]
[WhiteTeam "AarhusSkolerne"]
[BlackTeam "Fredericia"]
[WhiteTeamCountry "DEN"]
[BlackTeamCountry "DEN"]

1. d4 d5 2. Nf3 Nf6 3. c4 e6 4. cxd5 exd5 5. Nc3 Nbd7 6. Bg5 Bb4 7. e3 h6 8. Bxf6 Qxf6 9. Qb3 Qd6 10. Be2 c6 11. O-O O-O 12. e4 Bxc3 13. bxc3 dxe4 14. Nd2 Nf6 15. a4 Re8 16. Bc4 Re7 17. Rfe1 Bf5 18. h3 Rae8 19. Nf1 Bc8 20. a5 Nd5 21. Ne3 Nf4 22. Rad1 Qg6 23. Kh2 Kh8 24. Bf1 f5 25. c4 Qg5 26. d5 Nd3 27. Bxd3 exd3 28. Qxd3 cxd5 29. cxd5 f4 30. Nc2 Bf5 31. Rxe7 Rxe7 32. Qd2 Be4 33. Ne1 Bxd5 34. Qxd5 Qxd5 35. Rxd5 Rxe1 36. h4 Re2 37. f3 Re6 38. Rd7 Ra6 39. Rd5 b6 40. axb6 Rxb6 41. Kh3 a6 42. Rd8+ Kh7 43. Rd4 Rf6 44. Rd5 Rb6 45. Rd4 g5 46. hxg5 hxg5 47. Kg4 Rb5 48. Rd7+ Kg8 49. Ra7 a5 50. g3 fxg3 51. Kxg3 Kf8 52. f4 Ke8 53. fxg5 Rxg5+ 54. Kf4 Rb5 55. Ke4 Kd8 56. Kd4 Kc8 57. Kc4 Rh5 58. Kb3 Rh3+ 59. Ka4 Rh1 60. Rxa5 Ra1+ 61. Kb5 Rxa5+ 62. Kxa5 1/2-1/2

[Event "Skakligaen 2024-25"]
[Site "Denmark"]
[Date "2025.01.26"]
[Round "6.1"]
[White "Svane, Rasmus"]
[Black "Sloth, Jorn"]
[Result "1-0"]
[WhiteElo "2624"]
[BlackElo "2280"]
[EventDate "2024.11.02"]
[EventType "team-tourn"]
[EventRounds "9"]
[EventCountry "DEN"]
[SourceTitle "Holdskaksystemet"]
[WhiteTeam "Skanderborg"]
[BlackTeam "Nordre"]
[WhiteTeamCountry "DEN"]
[BlackTeamCountry "DEN"]

1. d4 Nf6 2. c4 e6 3. Nf3 Bb4+ 4. Bd2 Qe7 5. g3 Nc6 6. Nc3 Bxc3 7. Bxc3 Ne4 8. Rc1 d6 9. d5 Nxc3 10. Rxc3 Nd8 11. Bg2 O-O 12. O-O e5 13. c5 dxc5 14. Qc2 b6 15. Re3 f6 16. d6 cxd6 17. Nxe5 dxe5 18. Bxa8 Be6 19. Rd1 Nb7 20. Bxb7 Qxb7 21. Red3 Qf7 22. Rd8 g6 23. Qa4 Qe7 24. Rxf8+ Kxf8 25. Qc6 Kf7 26. h4 h5 27. a3 Kg7 28. Qa8 Qf7 29. Qd8 Qb7 30. Rd6 Qf7 31. Rc6 1-0

[Event "Skakligaen 2024-25"]
[Site "Denmark"]
[Date "2025.01.26"]
[Round "6.2"]
[White "Andersen, Thomas Klitgaard"]
[Black "Andersen, Mads"]
[Result "0-1"]
[WhiteElo "2199"]
[BlackElo "2594"]
[EventDate "2024.11.02"]
[EventType "team-tourn"]
[EventRounds "9"]
[EventCountry "DEN"]
[SourceTitle "Holdskaksystemet"]
[WhiteTeam "Nordre"]
[BlackTeam "Skanderborg"]
[WhiteTeamCountry "DEN"]
[BlackTeamCountry "DEN"]

1. d4 Nf6 2. Bg5 d5 3. Nd2 c5 4. dxc5 e6 5. e4 Bxc5 6. e5 Qb6 7. exf6 Bxf2+ 8. Ke2 e5 9. fxg7 Rg8 10. Ndf3 Rxg7 11. Qd2 Nc6 12. Be3 Bxe3 13. Qxe3 Qxb2 14. Rd1 Be6 15. Ke1 d4 16. Qh6 Rg8 17. Bd3 O-O-O 18. Ne2 Bd5 19. Bf5+ Kb8 20. Qh4 Rxg2 21. Be4 Bc4 22. Bd3 Bxd3 23. Rxd3 Qxc2 24. Rd2 Qb1+ 25. Rd1 Qxa2 26. Rd2 Qb1+ 27. Rd1 Qb3 28. Qe4 f5 29. Qxf5 Qe3 30. Qd3 Qxd3 31. Rxd3 e4 32. Rxd4 Rxe2+ 0-1

[Event "Skakligaen 2024-25"]
[Site "Denmark"]
[Date "2025.01.26"]
[Round "6.3"]
[White "Olsen, Filip Boe"]
[Black "Abildlund, Jens"]
[Result "0-1"]
[WhiteElo "2472"]
[BlackElo "2182"]
[EventDate "2024.11.02"]
[EventType "team-tourn"]
[EventRounds "9"]
[EventCountry "DEN"]
[SourceTitle "Holdskaksystemet"]
[WhiteTeam "Skanderborg"]
[BlackTeam "Nordre"]
[WhiteTeamCountry "DEN"]
[BlackTeamCountry "DEN"]

1. d4 Nf6 2. c4 c5 3. d5 d6 4. Nc3 g6 5. e4 Bg7 6. Be2 O-O 7. Nf3 a6 8. h3 b5 9. Qc2 b4 10. Nd1 e5 11. dxe6 fxe6 12. e5 dxe5 13. Nxe5 Bb7 14. Bf3 Bxf3 15. Nxf3 Nc6 16. O-O Qd6 17. Bg5 Nd7 18. Qe4 Nd4 19. Nxd4 cxd4 20. f3 Nc5 21. Qh4 Rae8 22. Nf2 d3 23. Ng4 e5 24. Be3 e4 25. fxe4 Bd4 26. Kh1 Bxe3 27. Nxe3 Rxf1+ 28. Rxf1 Nxe4 29. Rf4 g5 30. Rg4 Qg6 31. Qe1 h5 32. Rg3 d2 0-1

[Event "Skakligaen 2024-25"]
[Site "Denmark"]
[Date "2025.01.26"]
[Round "6.4"]
[White "Hoiberg, Nina"]
[Black "Pajeken, Jakob Leon"]
[Result "0-1"]
[WhiteElo "2075"]
[BlackElo "2426"]
[EventDate "2024.11.02"]
[EventType "team-tourn"]
[EventRounds "9"]
[EventCountry "DEN"]
[SourceTitle "Holdskaksystemet"]
[WhiteTeam "Nordre"]
[BlackTeam "Skanderborg"]
[WhiteTeamCountry "DEN"]
[BlackTeamCountry "DEN"]

1. e4 c5 2. Nf3 d6 3. d4 cxd4 4. Qxd4 Nf6 5. Nc3 Nc6 6. Bb5 Bd7 7. Bxc6 Bxc6 8. Bg5 Qb6 9. Qxb6 axb6 10. Nd2 b5 11. f3 b4 12. Ne2 Nd7 13. Nb3 e5 14. Kf2 Nb6 15. Rhd1 Nc4 16. Bc1 Be7 17. Nd2 Nb6 18. c4 Na4 19. Nf1 O-O 20. Ne3 Rfc8 21. b3 Nc5 22. Nc2 b5 23. Nxb4 bxc4 24. Nxc6 Rxc6 25. bxc4 Nb3 26. Rb1 Na5 27. Nc3 Nxc4 28. Nd5 Bd8 29. a3 Rac8 30. Nb4 Rb6 31. Be3 Rbb8 32. Nc6 Nxe3 33. Kxe3 Ra8 34. Nxd8 Rxa3+ 35. Rd3 Rxd3+ 36. Kxd3 Rxd8 37. Kc4 Kf8 38. Kd5 Ke7 39. h4 Rd7 40. g3 Rc7 41. Rb5 Rc3 42. Rb7+ Kf6 43. Rb6 Rd3+ 44. Kc4 Rxf3 45. Rxd6+ Ke7 46. Ra6 g6 47. h5 Rxg3 48. Kd5 Rg5 49. h6 Rh5 50. Ra7+ Kf6 51. Ra6+ Kg5 52. Kxe5 Kxh6+ 53. Kf6 Rh4 54. Ra1 Rf4+ 55. Ke5 g5 0-1

[Event "Skakligaen 2024-25"]
[Site "Denmark"]
[Date "2025.01.26"]
[Round "6.5"]
[White "Licznerski, Lukasz"]
[Black "Hedevang, Benjamin"]
[Result "1-0"]
[WhiteElo "2432"]
[BlackElo "2054"]
[EventDate "2024.11.02"]
[EventType "team-tourn"]
[EventRounds "9"]
[EventCountry "DEN"]
[SourceTitle "Holdskaksystemet"]
[WhiteTeam "Skanderborg"]
[BlackTeam "Nordre"]
[WhiteTeamCountry "DEN"]
[BlackTeamCountry "DEN"]

1. e4 c5 2. Nf3 d6 3. Bb5+ Nd7 4. Ba4 a6 5. c4 e6 6. O-O Be7 7. Nc3 Ngf6 8. d3 O-O 9. h3 b6 10. Bf4 Bb7 11. Bh2 d5 12. cxd5 exd5 13. e5 Ne8 14. d4 Nc7 15. Bc2 Ne6 16. Qd3 g6 17. Rad1 c4 18. Qe3 Re8 19. Ne2 Ndf8 20. Kh1 Rc8 21. Nd2 Qd7 22. f4 f5 23. exf6 Bxf6 24. Qf2 Ng7 25. Nf3 Nf5 26. Ne5 Qe6 27. Ng3 Nd7 28. Bxf5 gxf5 29. Qc2 1-0

[Event "Skakligaen 2024-25"]
[Site "Denmark"]
[Date "2025.01.26"]
[Round "6.6"]
[White "Rewitz, Jan"]
[Black "Pedersen, Nicolai Vesterbaek"]
[Result "0-1"]
[WhiteElo "2046"]
[BlackElo "2351"]
[EventDate "2024.11.02"]
[EventType "team-tourn"]
[EventRounds "9"]
[EventCountry "DEN"]
[SourceTitle "Holdskaksystemet"]
[WhiteTeam "Nordre"]
[BlackTeam "Skanderborg"]
[WhiteTeamCountry "DEN"]
[BlackTeamCountry "DEN"]

1. d4 Nf6 2. Nf3 g6 3. c4 Bg7 4. Nc3 O-O 5. e4 d6 6. Be2 e5 7. O-O Bg4 8. Be3 Bxf3 9. Bxf3 exd4 10. Bxd4 Nc6 11. Be3 Nd7 12. Qd2 Bxc3 13. Qxc3 Re8 14. Rfe1 Qf6 15. Qd2 Nc5 16. Bg5 Qd4 17. Qxd4 Nxd4 18. Rad1 Nxf3+ 19. gxf3 f5 20. b4 Na4 21. Bf6 Re6 22. e5 Rae8 23. f4 Nb2 24. Rb1 Nd3 25. Re3 Nxf4 26. exd6 cxd6 27. Bd4 Ne2+ 0-1

[Event "Skakligaen 2024-25"]
[Site "Denmark"]
[Date "2025.01.26"]
[Round "6.7"]
[White "Boe, Mads"]
[Black "Holm, Filip Martin Kierulf Hou"]
[Result "1-0"]
[WhiteElo "2275"]
[BlackElo "2013"]
[EventDate "2024.11.02"]
[EventType "team-tourn"]
[EventRounds "9"]
[EventCountry "DEN"]
[SourceTitle "Holdskaksystemet"]
[WhiteTeam "Skanderborg"]
[BlackTeam "Nordre"]
[WhiteTeamCountry "DEN"]
[BlackTeamCountry "DEN"]

1. d4 g6 2. Nf3 d6 3. c3 Bg7 4. e4 Nf6 5. Bd3 O-O 6. O-O Nc6 7. d5 Ne5 8. Nxe5 dxe5 9. c4 e6 10. Nc3 b6 11. Bg5 Qe7 12. Qd2 Re8 13. Rfd1 Bb7 14. Rac1 Qd7 15. Bc2 exd5 16. cxd5 Rac8 17. Qe2 a6 18. Bd3 b5 19. Nb1 Qd6 20. a4 b4 21. Nd2 Ra8 22. Nc4 Qd7 23. Na5 Bc8 24. Rc6 Nh5 25. Rdc1 f6 26. Bd2 Nf4 27. Qf3 f5 28. Rxc7 Qxa4 29. Nc6 Nxd3 30. Qxd3 fxe4 31. Qc4 Kh8 32. Qxb4 Qa2 33. b3 Bf8 34. Qc3 Ba3 35. Nxe5 Kg8 36. Nc4 Bf8 37. Ra1 1-0

[Event "Skakligaen 2024-25"]
[Site "Denmark"]
[Date "2025.01.26"]
[Round "6.8"]
[White "Pedersen, Peer Ole"]
[Black "Brondt, Nicolai Kvist"]
[Result "0-1"]
[WhiteElo "2023"]
[BlackElo "2228"]
[EventDate "2024.11.02"]
[EventType "team-tourn"]
[EventRounds "9"]
[EventCountry "DEN"]
[SourceTitle "Holdskaksystemet"]
[WhiteTeam "Nordre"]
[BlackTeam "Skanderborg"]
[WhiteTeamCountry "DEN"]
[BlackTeamCountry "DEN"]

1. c4 b6 2. e4 Bb7 3. Nc3 Nf6 4. e5 Ne4 5. Nxe4 Bxe4 6. Ne2 c5 7. d3 Bb7 8. Bd2 Nc6 9. Bc3 Qc7 10. f4 e6 11. d4 cxd4 12. Nxd4 Nxd4 13. Qxd4 Bc5 14. Qd2 O-O 15. h4 d5 16. cxd5 Bxd5 17. f5 f6 18. Rh3 fxe5 19. g4 Rad8 20. O-O-O Bxa2 21. Rd3 Bd4 22. Qc2 Rc8 23. R1d2 Bc4 24. Rxd4 exd4 25. Rxd4 Bxf1 26. fxe6 Bc4 0-1

[Event "Skakligaen 2024-25"]
[Site "Denmark"]
[Date "2025.02.16"]
[Round "3.1"]
[White "Bjerre, Jonas Buhl"]
[Black "Mikkelsen, Nikolaj"]
[Result "1/2-1/2"]
[WhiteElo "2640"]
[BlackElo "2467"]
[EventDate "2024.11.02"]
[EventType "team-tourn"]
[EventRounds "9"]
[EventCountry "DEN"]
[SourceTitle "Holdskaksystemet"]
[WhiteTeam "Skanderborg"]
[BlackTeam "BMS"]
[WhiteTeamCountry "DEN"]
[BlackTeamCountry "DEN"]

1. Nf3 d5 2. g3 b6 3. Bg2 Bb7 4. b3 e6 5. Bb2 Nf6 6. c4 Bd6 7. cxd5 exd5 8. O-O O-O 9. Nc3 a6 10. e3 Re8 11. Rc1 Nc6 12. Qc2 Rc8 13. Ne2 Nb4 14. Qb1 a5 15. d3 Ba6 16. Rfd1 c5 17. Nc3 Bf8 18. d4 c4 19. Ne5 cxb3 20. axb3 g6 21. Bf1 Bxf1 22. Rxf1 Bd6 23. Nb5 Ne4 24. Rxc8 Qxc8 25. Nxd6 Nxd6 26. Rc1 Qe6 27. Ba3 Ne4 28. Bxb4 axb4 29. Rc6 Qf5 30. Qc2 f6 31. g4 Qxf2+ 32. Qxf2 Nxf2 33. Rxf6 Ne4 34. Rxb6 Ra8 35. g5 Ra1+ 36. Kg2 Ra2+ 37. Kg1 Ra1+ 38. Kg2 Ra2+ 39. Kg1 Ra1+ 1/2-1/2

[Event "Skakligaen 2024-25"]
[Site "Denmark"]
[Date "2025.02.16"]
[Round "3.2"]
[White "Kistrup, Nicolai"]
[Black "Andersen, Mads"]
[Result "1/2-1/2"]
[WhiteElo "2374"]
[BlackElo "2584"]
[EventDate "2024.11.02"]
[EventType "team-tourn"]
[EventRounds "9"]
[EventCountry "DEN"]
[SourceTitle "Holdskaksystemet"]
[WhiteTeam "BMS"]
[BlackTeam "Skanderborg"]
[WhiteTeamCountry "DEN"]
[BlackTeamCountry "DEN"]

1. d4 d5 2. c4 e6 3. Nf3 c6 4. e3 f5 5. Be2 Nf6 6. O-O Bd6 7. b3 Qe7 8. Bb2 O-O 9. Ne5 b6 10. Nd2 Bb7 11. Rc1 c5 12. cxd5 exd5 13. f4 Nbd7 14. Ndf3 Ne4 15. Rc2 Ndf6 16. Qc1 Rfc8 17. Bd3 Rc7 18. a4 a5 19. Qa1 Bc8 20. Rfc1 Ng4 21. Re1 Be6 22. Nxg4 fxg4 23. Bxe4 dxe4 24. Nd2 Bd5 25. Nc4 cxd4 26. Bxd4 Bxc4 27. Rxc4 Rxc4 28. bxc4 Bc5 29. Rd1 Rd8 30. Bxc5 Rxd1+ 31. Qxd1 Qxc5 32. Qd8+ Kf7 33. Qd7+ Kf8 34. Qd8+ Kf7 35. Qd7+ Kf8 36. Qd8+ 1/2-1/2

[Event "Skakligaen 2024-25"]
[Site "Denmark"]
[Date "2025.02.16"]
[Round "3.3"]
[White "Olsen, Filip Boe"]
[Black "Haubro, Martin"]
[Result "1-0"]
[WhiteElo "2472"]
[BlackElo "2381"]
[EventDate "2024.11.02"]
[EventType "team-tourn"]
[EventRounds "9"]
[EventCountry "DEN"]
[SourceTitle "Holdskaksystemet"]
[WhiteTeam "Skanderborg"]
[BlackTeam "BMS"]
[WhiteTeamCountry "DEN"]
[BlackTeamCountry "DEN"]

1. c4 Nf6 2. g3 e6 3. Bg2 d5 4. Nf3 d4 5. d3 c5 6. e4 Nc6 7. e5 Nd7 8. Bf4 Qc7 9. O-O h6 10. h4 Ndxe5 11. Nxe5 Nxe5 12. b4 cxb4 13. Re1 Bd6 14. c5 Qxc5 15. Nd2 Qb5 16. Qh5 O-O 17. Nc4 Bb8 18. Nxe5 f6 19. Qg6 Bxe5 20. Be4 f5 21. Bxe5 Qxe5 22. Bxb7 Qb8 23. Bxa8 Qxa8 24. Rac1 Qd5 25. Rc7 Bd7 26. Rec1 Rf6 27. Qh5 Rf7 28. R1c5 Qd6 29. Qe2 a6 30. Qe5 Qxe5 31. Rxe5 Bb5 32. Rc8+ Kh7 33. Rc1 Bxd3 34. Rxe6 Bb5 35. Rd6 d3 36. h5 Re7 37. Kg2 Re2 38. Rc8 Rc2 39. Rf8 Bc6+ 40. Kh3 Bf3 41. Rxf5 Rxf2 42. g4 Bg2+ 43. Kg3 Rxf5 44. gxf5 Bf1 45. Rxa6 Be2 46. Kf2 Bxh5 47. Ke3 Bg4 48. Ra5 h5 49. Kxd3 Kh6 50. Ke3 Kg5 51. Rb5 h4 52. Rxb4 Bxf5 53. a4 Bd7 54. a5 Bc6 55. Kf2 Kh5 56. a6 g5 57. Rb8 g4 58. Rh8+ Kg5 59. a7 g3+ 60. Ke2 Kg4 61. a8=Q Bxa8 62. Rxa8 h3 63. Ra4+ Kg5 64. Kf3 1-0

[Event "Skakligaen 2024-25"]
[Site "Denmark"]
[Date "2025.02.16"]
[Round "3.4"]
[White "Ost Hansen, Jacob"]
[Black "Andersen, Jackie"]
[Result "1-0"]
[WhiteElo "2336"]
[BlackElo "2397"]
[EventDate "2024.11.02"]
[EventType "team-tourn"]
[EventRounds "9"]
[EventCountry "DEN"]
[SourceTitle "Holdskaksystemet"]
[WhiteTeam "BMS"]
[BlackTeam "Skanderborg"]
[WhiteTeamCountry "DEN"]
[BlackTeamCountry "DEN"]

1. g3 e5 2. c4 Nf6 3. Bg2 c6 4. d4 exd4 5. Qxd4 d5 6. Nf3 Be7 7. cxd5 cxd5 8. Be3 Nc6 9. Qa4 O-O 10. O-O Bd7 11. Nc3 Na5 12. Qc2 Rc8 13. Rad1 b5 14. Qb1 Nc4 15. Bd4 g6 16. a3 a6 17. Qc1 Nd6 18. Qf4 Nf5 19. Bxf6 Bxf6 20. Nxd5 Bg7 21. e4 Nh6 22. e5 Rc4 23. Qd2 Be6 24. Nf6+ Bxf6 25. exf6 Qxd2 26. Rxd2 Ng4 27. Ng5 Bf5 28. Rd6 h6 29. Nxf7 Rxf7 30. Bd5 Rcc7 31. Re1 Kh7 32. Bxf7 Rxf7 33. Re7 Kg8 34. Rd8+ 1-0

[Event "Skakligaen 2024-25"]
[Site "Denmark"]
[Date "2025.02.16"]
[Round "3.5"]
[White "Pedersen, Nicolai Vesterbaek"]
[Black "Vesterli, Michael E"]
[Result "0-1"]
[WhiteElo "2351"]
[BlackElo "2193"]
[EventDate "2024.11.02"]
[EventType "team-tourn"]
[EventRounds "9"]
[EventCountry "DEN"]
[SourceTitle "Holdskaksystemet"]
[WhiteTeam "Skanderborg"]
[BlackTeam "BMS"]
[WhiteTeamCountry "DEN"]
[BlackTeamCountry "DEN"]

1. c4 Nf6 2. Nc3 g6 3. e4 d6 4. d4 Bg7 5. f3 O-O 6. Nge2 c5 7. d5 e6 8. Ng3 exd5 9. cxd5 a6 10. a4 Nbd7 11. Be2 Ne5 12. O-O Rb8 13. Bg5 h6 14. Be3 Bd7 15. a5 b5 16. axb6 Rxb6 17. Qd2 h5 18. h3 Bb5 19. Nxb5 axb5 20. b4 Nfd7 21. Rac1 Qb8 22. bxc5 Nxc5 23. Bxc5 dxc5 24. f4 h4 25. fxe5 hxg3 26. e6 Bd4+ 27. Kh1 fxe6 28. Bg4 exd5 29. e5 Rxf1+ 30. Rxf1 Qxe5 31. Re1 Bc3 0-1

[Event "Skakligaen 2024-25"]
[Site "Denmark"]
[Date "2025.02.16"]
[Round "3.6"]
[White "Haubro, Sigfred"]
[Black "Boe, Mads"]
[Result "0-1"]
[WhiteElo "2128"]
[BlackElo "2275"]
[EventDate "2024.11.02"]
[EventType "team-tourn"]
[EventRounds "9"]
[EventCountry "DEN"]
[SourceTitle "Holdskaksystemet"]
[WhiteTeam "BMS"]
[BlackTeam "Skanderborg"]
[WhiteTeamCountry "DEN"]
[BlackTeamCountry "DEN"]

1. Nf3 d5 2. b3 Nf6 3. Bb2 c6 4. e3 Bf5 5. Be2 h6 6. O-O Nbd7 7. c4 e6 8. d4 Bd6 9. Nbd2 Qb8 10. Rc1 O-O 11. g3 a5 12. a3 Bh7 13. Nh4 Qe8 14. f4 c5 15. Ng2 Qe7 16. a4 b6 17. Qe1 Rac8 18. Kh1 Rfd8 19. h4 Nb8 20. g4 cxd4 21. Bxd4 Bb4 22. Bc3 Nc6 23. Bf3 Ne4 24. Nxe4 Bxe4 25. Qg3 Bxc3 26. Rxc3 Bxf3 27. Qxf3 Nb4 28. g5 hxg5 29. fxg5 e5 30. Qg3 d4 31. exd4 exd4 32. Rcf3 Rf8 33. Nf4 Qe4 34. Re1 Qc6 35. Kh2 Rce8 36. Rd1 Rd8 37. h5 Qd6 38. Nd3 Nc6 39. Rdf1 Qxg3+ 40. Kxg3 Rde8 41. c5 Ne5 42. Nxe5 Rxe5 43. cxb6 Rxg5+ 44. Kh4 f6 45. Rf5 d3 46. b7 d2 47. Rb5 Rxb5 48. axb5 Rb8 49. Rd1 Rxb7 50. Rxd2 Rxb5 51. Rd3 Rg5 52. Rd8+ Kh7 53. Rb8 Re5 54. Ra8 Rb5 55. Kg4 Rb4+ 56. Kf5 Rh4 57. h6 Rxh6 58. Kg4 Rg6+ 59. Kf4 Rg5 60. Ra7 Rb5 61. Ra6 Kg6 62. Ke4 Rb4+ 63. Kd5 Rxb3 64. Rxa5 Re3 65. Kd4 Re7 0-1

[Event "Skakligaen 2024-25"]
[Site "Denmark"]
[Date "2025.02.16"]
[Round "3.7"]
[White "Brondt, Nicolai Kvist"]
[Black "Jarlskov, Daniel Tuk Hartso"]
[Result "1-0"]
[WhiteElo "2228"]
[BlackElo "2179"]
[EventDate "2024.11.02"]
[EventType "team-tourn"]
[EventRounds "9"]
[EventCountry "DEN"]
[SourceTitle "Holdskaksystemet"]
[WhiteTeam "Skanderborg"]
[BlackTeam "BMS"]
[WhiteTeamCountry "DEN"]
[BlackTeamCountry "DEN"]

1. c4 Nf6 2. Nc3 e6 3. e4 d5 4. cxd5 exd5 5. e5 Nfd7 6. d4 Bb4 7. f4 c5 8. a3 Ba5 9. Bd2 cxd4 10. Nb5 O-O 11. b4 Bb6 12. Nf3 Qe7 13. Bd3 f6 14. O-O fxe5 15. fxe5 Nxe5 16. Nxe5 Rxf1+ 17. Qxf1 Qxe5 18. Re1 Qh5 19. Nd6 Bd7 20. Re5 Qxe5 21. Qf7+ Kh8 22. Qf8# 1-0

[Event "Skakligaen 2024-25"]
[Site "Denmark"]
[Date "2025.02.16"]
[Round "3.8"]
[White "Pallesen, Jacob"]
[Black "Munk, Kai S"]
[Result "1-0"]
[WhiteElo "2002"]
[BlackElo "1940"]
[EventDate "2024.11.02"]
[EventType "team-tourn"]
[EventRounds "9"]
[EventCountry "DEN"]
[SourceTitle "Holdskaksystemet"]
[WhiteTeam "BMS"]
[BlackTeam "Skanderborg"]
[WhiteTeamCountry "DEN"]
[BlackTeamCountry "DEN"]

1. d4 Nf6 2. c4 e6 3. Nc3 d5 4. Bg5 Be7 5. e3 h6 6. Bh4 O-O 7. Nf3 c6 8. Bd3 dxc4 9. Bxc4 Nbd7 10. O-O b6 11. Qb3 Nd5 12. Bg3 N7f6 13. Rfe1 Nxc3 14. bxc3 Bd6 15. e4 Bxg3 16. hxg3 Qc7 17. Ne5 Bd7 18. f4 b5 19. Bd3 a6 20. a4 Ra7 21. g4 Rb8 22. g5 hxg5 23. fxg5 Nh7 24. Nxf7 Kxf7 25. g6+ Kxg6 26. e5+ Kh6 27. Qc2 Ng5 28. Qf2 Be8 29. Qh4+ Bh5 30. Rf1 Qe7 31. Qf4 Raa8 32. g4 Rf8 33. Qh2 g6 34. gxh5 Nf3+ 35. Rxf3 Rxf3 36. hxg6+ Kg5 37. Kh1 Rxd3 38. Rg1+ Kf5 39. Qh5+ Ke4 40. Qe2+ Kd5 41. Qa2+ Ke4 42. Qg2+ Rf3 43. Re1+ Kf4 44. Qd2+ Kg3 45. Rg1+ Kh4 46. Qh6# 1-0

[Event "Skakligaen 2024-25"]
[Site "Denmark"]
[Date "2025.03.02"]
[Round "7.1"]
[White "Nielsen, Viktor Haarmark"]
[Black "Thybo, Jesper Sondergaard"]
[Result "0-1"]
[WhiteElo "2350"]
[BlackElo "2560"]
[EventDate "2024.11.02"]
[EventType "team-tourn"]
[EventRounds "9"]
[EventCountry "DEN"]
[SourceTitle "Live v Hillerod Skakklub"]
[WhiteTeam "Obro"]
[BlackTeam "Hillerod"]
[WhiteTeamCountry "DEN"]
[BlackTeamCountry "DEN"]

1. c4 e6 2. Nf3 d5 3. d4 Nf6 4. g3 Bb4+ 5. Bd2 Be7 6. Bg2 O-O 7. O-O Nbd7 8. Bc3 dxc4 9. Nfd2 Nb6 10. Qc2 Nfd5 11. Ba5 Nb4 12. Qc3 Nc6 13. Bxc6 bxc6 14. Nxc4 Qd5 15. Ne3 Qb5 16. b4 Qxe2 17. Qxc6 Bd7 18. Qc2 Qxc2 19. Nxc2 Nc4 20. Bxc7 Rfc8 21. Bf4 Ba4 22. Ne3 Bxb4 23. Nxc4 Rxc4 24. Rc1 Rac8 25. Rxc4 Rxc4 26. Bd2 a5 27. a3 Bxd2 28. Nxd2 Rxd4 29. Ra2 g5 30. f3 Kg7 31. Kf2 Rd3 32. Ne4 Bd1 33. Nxg5 h6 34. Ne4 Rxf3+ 35. Ke1 Ba4 36. Ke2 Rb3 37. Nc5 Bb5+ 38. Kf2 Rc3 39. Ne4 Rd3 40. Nc5 Rd1 41. Rc2 Ra1 42. Rc3 Ra2+ 43. Kg1 Kf6 44. Nb7 a4 45. Nd6 Be2 46. Re3 Kg6 47. Re4 Bd1 48. Re3 Bb3 49. Nb5 Bc4 50. Nd4 Bd5 51. Ne2 Kg7 52. h4 Bc4 53. Nd4 Kf6 54. Rf3+ Ke5 55. Nc6+ Kd6 56. Na5 0-1

[Event "Skakligaen 2024-25"]
[Site "Denmark"]
[Date "2025.03.02"]
[Round "7.2"]
[White "Hansen, Sune Berg"]
[Black "Skonnord, Uno"]
[Result "1-0"]
[WhiteElo "2505"]
[BlackElo "2151"]
[EventDate "2024.11.02"]
[EventType "team-tourn"]
[EventRounds "9"]
[EventCountry "DEN"]
[SourceTitle "Live v Hillerod Skakklub"]
[WhiteTeam "Hillerod"]
[BlackTeam "Obro"]
[WhiteTeamCountry "DEN"]
[BlackTeamCountry "DEN"]

1. d4 Nf6 2. Nf3 e6 3. c4 c5 4. e3 cxd4 5. exd4 d5 6. Nc3 Be7 7. cxd5 exd5 8. Bd3 O-O 9. h3 Nc6 10. O-O Re8 11. Re1 h6 12. Bf4 Be6 13. Rc1 Bf8 14. a3 Rc8 15. Bb1 Nh5 16. Bh2 Qf6 17. Qd3 g6 18. Ba2 Red8 19. Rcd1 Bg7 20. Qe3 g5 21. Bb1 Nf4 22. Ne5 Ne7 23. Ng4 Bxg4 24. hxg4 Nc6 25. Bf5 Re8 26. Qxe8+ Rxe8 27. Rxe8+ Bf8 28. Bxf4 gxf4 29. Nxd5 Qd6 30. Be4 Kg7 31. Bf3 Na5 32. Re5 Nc4 33. Re2 b5 34. Nc3 a6 35. Bd5 Nb6 36. Bb3 Qd7 37. f3 Be7 38. Re5 Nc8 39. Nd5 Bg5 40. Nc3 Bf6 41. Rd5 Qe6 42. Ne4 Qb6 43. Rd7 Be7 44. Rc1 Nd6 45. Rxe7 Qxd4+ 46. Kh2 Nxe4 47. Rxf7+ Kg6 48. Rc6+ 1-0

[Event "Skakligaen 2024-25"]
[Site "Denmark"]
[Date "2025.03.02"]
[Round "7.3"]
[White "Christensen, Stefan"]
[Black "Schandorff, Lars"]
[Result "1/2-1/2"]
[WhiteElo "2181"]
[BlackElo "2473"]
[EventDate "2024.11.02"]
[EventType "team-tourn"]
[EventRounds "9"]
[EventCountry "DEN"]
[SourceTitle "Live v Hillerod Skakklub"]
[WhiteTeam "Obro"]
[BlackTeam "Hillerod"]
[WhiteTeamCountry "DEN"]
[BlackTeamCountry "DEN"]

1. e4 c6 2. Nc3 d5 3. Nf3 dxe4 4. Nxe4 Nf6 5. Nxf6+ exf6 6. d4 Bd6 7. Be2 O-O 8. O-O Re8 9. c3 Nd7 10. Nh4 g6 11. g3 Nf8 12. Re1 Bh3 13. Bd2 Qd7 14. Qc2 Re7 15. Bd3 Rae8 16. f4 Rxe1+ 17. Rxe1 Rxe1+ 18. Bxe1 Qe6 19. Qe2 Qxa2 20. f5 Qa5 21. Qe8 Qc7 22. Bf2 Qe7 23. Qxe7 Bxe7 24. d5 c5 25. Ng2 Bxg2 26. Kxg2 Nd7 27. g4 Bd6 28. h3 Kf8 29. Be2 Ke7 30. Kf3 a6 31. c4 Be5 32. b3 Kd6 33. Ke4 b6 34. Be1 a5 35. Bd3 g5 1/2-1/2